Statistics for Countries Bordering China - 30 Seconds

Click here to take the quiz!

General Stats

  • This quiz has been taken 107 times
  • The average score is 11 of 14

Answer Stats

Country% Correct
Russia
96%
India
91%
North Korea
91%
Mongolia
83%
Nepal
83%
Laos
82%
Vietnam
82%
Bhutan
78%
Myanmar
75%
Kazakhstan
69%
Pakistan
62%
Kyrgyzstan
57%
Tajikistan
57%
Afghanistan
56%

Score Distribution

Percentile by Number Answered

Percent of People with Each Score

Your Score History

You have not taken this quiz